Cuentos mágicos con actualidades didácticas (Registro nro. 12218)

Detalles MARC
000 -LIDER
fixed length control field 00933nam a2200265 4500
001 - NÚMERO DE CONTROL
Identificador de número de control 1248
003 - IDENTIFICACDOR DE NÚMERO DE CONTROL
control field DO-SdBNP
005 - DATE AND TIME OF LATEST TRANSACTION
control field 20240905123102.0
007 - CAMPOS FIJOS DE DESCRIPCIÓN FÍSICA
fixed length control field 1248
008 - ELEMENTOS DE LONGITUD FIJA
fixed length control field 161202b2005 sp | 00| 0 spa d
020 ## - ISBN
International Standard Book Number 8449425034 (o.c)
040 ## - FUENTE DE CATALOGACIÓN
Agencia que crea de manera original el registro BPMSU
Idioma de catalogación spa
Agencia que realiza la transcripción BPMSU
082 #4 - NÚMERO DE CLASIFICACIÓN DECIMAL DE DEWEY
Classification number 808.83
Item number C965m 2006
Edition number 22
245 00 - MENCIÓN DE TITULO
Título Cuentos mágicos con actualidades didácticas
260 ## - PUBLICACIÓN, DISTRIBUCIÓN, ETC. (PIE DE IMPRENTA)
Lugar de publicación, distribución, etc Barcelona :
Nombre del editor, distribuidor, etc. Océano,
Fecha de publicación, distribución, etc 2005
300 ## - DESCRIPCIÓN FÍSICA
Extensión v. :
Otros detalles físicos ils. ;
Dimensiones 2005
490 0# - MENCIÓN DE SERIES
Mención de serie Crecer y aprender con Disney
505 ## - NOTA DE CONTENIDO
Información miscelánea v 1.<br/>
Título La cenicienta -- La bella y la bestia -- La sirenita --
Información miscelánea v. 2 . <br/>
Título Blanca nives y los siete enanos -- El rey león -- Aladín -
Información miscelánea v. 3
Título Toy story ¡y más allá! -- Bichos, una aventura en miniatura -- Monsters,
590 ## - NOTA LOCAL
Texto de la nota local Inventariado, 2024/VM
650 #4 - ENCABEZAMIENTO DE MATERIA--TEMÁTICO
Término temático o nombre geográfico como elemento de entrada Cuentos infantiles
Subdivisión de forma Colecciones
710 ## - ASIENTO SECUNDARIO -- NOMBRE CORPORATIVO
Nombre corporativo o de jurisdicción Disney
710 ## - ASIENTO SECUNDARIO -- NOMBRE CORPORATIVO
Nombre corporativo o de jurisdicción Grupo Oceano
910 ## - VALIDACIÓN
Validación VMateo V. Control de calidad. BPMSU
942 ## - ADDED ENTRY ELEMENTS (KOHA)
Source of classification or shelving scheme Dewey Decimal Classification
Koha item type Libros
Existencias
Withdrawn status Lost status Source of classification or shelving scheme Damaged status Not for loan Collection code Home library Current library Date acquired Source of acquisition Total Checkouts Full call number Barcode Date last seen Copy number Price effective from Koha item type
    Dewey Decimal Classification     Colección Infantil General Biblioteca Pública Metropolitana Salomé Ureña Biblioteca Pública Metropolitana Salomé Ureña 12/02/2016 Compra   BPMSU CGI 808.83 C965m 2006 BPMSU16120035 12/02/2016 v.3 12/02/2016 Libros
    Dewey Decimal Classification     Colección Infantil General Biblioteca Pública Metropolitana Salomé Ureña Biblioteca Pública Metropolitana Salomé Ureña 12/02/2016 Compra   BPMSU CGI 808.83 C965m 2006 BPMSU16120036 12/02/2016 v.3, e.2 12/02/2016 Libros
    Dewey Decimal Classification     Colección Infantil General Biblioteca Pública Metropolitana Salomé Ureña Biblioteca Pública Metropolitana Salomé Ureña 12/02/2016 Compra   BPMSU CGI 808.83 C965m 2006 BPMSU16120037 12/02/2016 v.2 12/02/2016 Libros
    Dewey Decimal Classification     Colección Infantil General Biblioteca Pública Metropolitana Salomé Ureña Biblioteca Pública Metropolitana Salomé Ureña 12/02/2016 Compra   BPMSU CGI 808.83 C965m 2006 BPMSU16120042 12/02/2016 v.2, e.2 12/02/2016 Libros
    Dewey Decimal Classification     Colección Infantil General Biblioteca Pública Metropolitana Salomé Ureña Biblioteca Pública Metropolitana Salomé Ureña 12/02/2016 Compra   BPMSU CGI 808.83 C965m 2006 BPMSU16120043 12/02/2016 v.2, e.3 12/02/2016 Libros
    Dewey Decimal Classification     Colección Infantil General Biblioteca Pública Metropolitana Salomé Ureña Biblioteca Pública Metropolitana Salomé Ureña 12/02/2016 Compra   BPMSU CGI 808.83 C965m 2006 BPMSU16120044 12/02/2016 v.1 12/02/2016 Libros
    Dewey Decimal Classification     Colección Infantil General Biblioteca Pública Metropolitana Salomé Ureña Biblioteca Pública Metropolitana Salomé Ureña 12/02/2016 Compra   BPMSU CGI 808.83 C965m 2006 BPMSU16120045 12/02/2016 v.1, e.2 12/02/2016 Libros
    Dewey Decimal Classification     Colección Infantil General Biblioteca Pública Metropolitana Salomé Ureña Biblioteca Pública Metropolitana Salomé Ureña 12/02/2016 Compra   BPMSU CGI 808.83 C965m 2006 BPMSU24090009 09/05/2024 v.3, e.3 12/02/2016 Libros